000 00487nam a2200157Ia 4500
008 210716s2011 xx 000 0 und d
020 _a9788179929803
041 _aeng
082 _a658.87 RAMY
100 _aRamkishen Y.
245 _aInternational retail marketing strategies: theory case studies concepts and examples.
_bTheory case studies concepts and examples.
250 _a1
260 _aNew Delhi
_bJaico Publishing House
_c2011
300 _axii,360
650 _aRetailing
999 _c208636
_d208636